000 00562nam a2200205Ia 4500
003 OSt
005 20230606105934.0
008 210423s2010 xx 000 0 und d
040 _cAL
041 _aeng
082 _a361.3
_223
_bSAMI
100 _aSAMPRATHI 2010
_9120051
245 _aIndia today: challenges for the future
260 _aMangalore
_bSt Aloysius College
_c2010
365 _b75
_cINR
650 _aSocial Problems & Services
_9120052
650 _aSocial Work
_9120053
906 _achallenges ; future ; India ; today:
942 _2ddc
_cBK
999 _c175775
_d175775